Sports Quiz

Random Sports Quiz

Ohio Sports Teams Quiz Stats

 Plays Quiz not verified by Sporcle

Score 0/74 Timer 04:00
0 Plays Today
Sport Team % Correct
BaseballCleveland Indians
96.8%
FootballCincinnati Bengals
93.6%
BaseballCincinnati Reds
92.6%
FootballCleveland Browns
92.6%
BasketballCleveland Cavaliers
91.5%
HockeyColumbus Blue Jackets
83%
College AthleticsOhio State
80.9%
College AthleticsOhio
78.7%
College AthleticsCincinnati
72.3%
SoccerColumbus Crew
68.1%
College AthleticsKent State
62.8%
College AthleticsAkron
61.7%
College AthleticsCleveland State
59.6%
College AthleticsYoungstown State
57.4%
BaseballColumbus Clippers
56.4%
College AthleticsToledo
54.3%
BaseballToledo Mudhens
51.1%
College AthleticsBowling Green
50%
College AthleticsDayton
48.9%
College AthleticsMiami
47.9%
College AthleticsWright State
44.7%
College AthleticsXavier
44.7%
BaseballAkron Aeros
42.6%
BaseballDayton Dragons
34%
HockeyLake Erie Monsters
29.8%
FootballCleveland Gladiators
27.7%
BaseballLake County Captains
26.6%
HockeyCincinnati Cyclones
26.6%
BaseballMahoning Valley Scrappers
24.5%
FootballMarion Blue Racers
18.1%
HockeyCleveland Jr. Lumberjacks
17%
SoftballAkron Racers
17%
BaseballCincinnati Steam
16%
HockeyToledo Walleye
16%
HockeyQueen City Steam
16%
BaseballChillicothe Paints
14.9%
HockeyQueen City Storm
14.9%
Sport Team % Correct
BaseballLake Erie Crushers
12.8%
HockeyDayton Gems
12.8%
HockeyWooster Korn Kings
11.7%
SoccerCincinnati Kings Indoor Team
11.7%
SoccerCincinnati Kings
11.7%
BaseballSouthern Ohio Copperheads
10.6%
HockeyToledo Cherokee
10.6%
BaseballLorain County Ironmen
9.6%
BaseballLima Locos
9.6%
BasketballDayton Air Strikers
9.6%
SoccerOhio Vortex
9.6%
BaseballDelaware Cows
8.5%
BaseballHamilton Joes
8.5%
BaseballLicking County Settlers
8.5%
BaseballXenia Athletes in Action
8.5%
BasketballLima Explosion
8.5%
FootballCincinnati Commandos
8.5%
FootballDayton Silverbacks
8.5%
HockeyYoungstown Phantoms
8.5%
SoccerDayton Dutch Lions
8.5%
Australian Rules FootballCincinnati Dockers
8.5%
BaseballGreat Lake Mariners
7.4%
BasketballGem City Hall O' Famers
7.4%
FootballKings Comets
7.4%
FootballColumbus Comets
7.4%
FootballToledo Reign
7.4%
SoccerCleveland Internationals
7.4%
Rugby UnionDayton Area Rugby Club
7.4%
BaseballColumbus All-Americans
6.4%
BaseballLake Erie Monarchs
6.4%
FootballCanton Cougars
6.4%
FootballCincinnati Sizzles
6.4%
FootballDayton Diamonds
6.4%
HockeyTroy Bruins
6.4%
BaseballStark County Terriers
5.3%
FootballCleveland Fusion
5.3%
FootballClinton County Chaos
5.3%

You're not logged in!

Compare scores with friends on all Sporcle quizzes.
OR
Log In

Show Comments

Extras

Created Nov 9, 2010ReportNominate
Tags:league, ohio, team

Top Quizzes Today


Score Distribution

Your Account Isn't Verified!

In order to create a playlist on Sporcle, you need to verify the email address you used during registration. Go to your Sporcle Settings to finish the process.

Report this User

Report this user for behavior that violates our Community Guidelines.

Details: